| 000 | 00893nam a2200241 a 4500 | ||
|---|---|---|---|
| 001 | 000022150 | ||
| 005 | 20200930011614.0 | ||
| 008 | 100917s1977 mx 001 0dspa d | ||
| 040 |
_aDO-SdBNP _bspa _cBNPHU |
||
| 082 |
_a325.2720973 _bG146t |
||
| 100 | 1 |
_aGalarza, Ernesto, _d1905-1984 _945850 |
|
| 245 | 1 | 0 |
_aTraspasando fronteras / _cErnesto Galarza ; prólogo Jorge A. Bustamante. |
| 260 |
_aMéxico : _bSecretaría de Educación Pública, _c1977. |
||
| 300 |
_a249 p. ; _c20 cm. |
||
| 490 | 1 | _aFrontera | |
| 650 | 4 |
_aInmigrantes _zEstados Unidos _xBiografías _945851 |
|
| 650 | 4 |
_aMéxicanos americanos _zEstados Unidos, California _xVida social y costumbres _945852 |
|
| 651 | 4 |
_aMéxico _xEmigración E Inmigración _zEstados Unidos _931790 |
|
| 700 | 1 |
_aBustamante, Jorge A., _epról. _945853 |
|
| 830 | 0 |
_aFrontera _945854 |
|
| 910 | _aValidado. Control de calidad EMS | ||
| 049 | _aBNPD | ||
| 999 |
_c21648 _d21648 |
||